000
00329nam a2200133Ia 4500
008
240624s9999 xx 000 0 und d
041
_a
eng
082
_a
658.4092 GAS
100
_a
GASKELL KEVIN
245
_a
INSPIRED LEADERSHIP HOW YOU CAN ACHIEVE
260
_c
2017
_a
West Sussex
_b
Wiley
300
_a
280 p.
365
_c
_b
28
999
_c
30215
_d
30215